Mort subite sur les capitales d'Amérique du sud - Statistiques

Statistiques générales
  • Ce quiz a été pris 199 fois
  • Le résultat moyen est 7 sur 12
Answers on the Grid
Answers color-coded by a green-red scale on the quiz's grid according to % correct below.
Bogota
Médelline
Maracaïbo
La Havane
Caracas
Georgetown
Sao paulo
Paramaribo
Rio de Janeiro
Brasilia
Quito
Uruguay
Lima
Montéfilmo
La Paz
Asuncion
La Plata
Buenos aires
Santiago
Montevideo
 
Statistiques - réponses
Réponse % Correct
Bogota
90%
Lima
64%
Brasilia
62%
Buenos aires
62%
La Paz
58%
Montevideo
58%
Santiago
58%
Caracas
57%
Quito
57%
Asuncion
51%
Georgetown
45%
Paramaribo
35%
Aucun quiz correspondant
Distribution des résultats
% des personnes avec chaque résultat
Percentile par nombre de réponses
Votre historique - résultats
Vous n’avez pas pris ce quiz